Architectural physics (Record no. 84335)
[ view plain ]
| 000 -LEADER | |
|---|---|
| fixed length control field | 00640nam a2200157 a 4500 |
| 008 - FIXED-LENGTH DATA ELEMENTS--GENERAL INFORMATION | |
| fixed length control field | 120416s1963 ||||||||||||||||| || u |
| 050 ## - LIBRARY OF CONGRESS CALL NUMBER | |
| Classification number | TH 7703 Hop |
| 100 ## - MAIN ENTRY--PERSONAL NAME | |
| Personal name | Hopkinson, R. G |
| 245 10 - TITLE STATEMENT | |
| Title | Architectural physics |
| 246 ## - | |
| -- | lighting |
| 260 ## - PUBLICATION, DISTRIBUTION, ETC. | |
| Place of publication, distribution, etc. | London |
| Name of publisher, distributor, etc. | H.M.S.O |
| Date of publication, distribution, etc. | 1963 |
| 300 ## - PHYSICAL DESCRIPTION | |
| Extent | xii, 360p. : ill. |
| 350 ## - | |
| -- | 0.00 |
| 995 ## - | |
| -- | ANNEX COLLECTION (Main Library) |
| -- | 0.00 |
| -- | 716832 |
| -- | CBU-MAIN LIBRARY (Kitwe) |
| -- | 1 |
| -- | 2.50 |
| -- | TH 7703 Hop |
| -- | AVAILABLE |
| -- | 016784 |
| -- | Annex Low-Usage Collection |
| 995 ## - | |
| -- | ANNEX COLLECTION (Main Library) |
| -- | 0.00 |
| -- | 718341 |
| -- | CBU-MAIN LIBRARY (Kitwe) |
| -- | 2 |
| -- | 2.50 |
| -- | TH 7703 Hop |
| -- | AVAILABLE |
| -- | 016785 |
| -- | Annex Low-Usage Collection |
| 999 ## - | |
| -- | 84335 |
| -- | 84335 |
| Withdrawn status | Lost status | Source of classification or shelving scheme | Damaged status | Not for loan | Permanent Location | Current Location | Shelving location | Date acquired | Total Checkouts | Full call number | Barcode | Date last seen | Copy number | Price effective from | Koha item type |
|---|---|---|---|---|---|---|---|---|---|---|---|---|---|---|---|
| CBU-MAIN LIBRARY, KITWE. | CBU-MAIN LIBRARY, KITWE. | 01/25/2024 | TH 7703 Hop | 016784 | 01/25/2024 | 1 | 01/25/2024 | MONOGRAPH | |||||||
| CBU-MAIN LIBRARY, KITWE. | CBU-MAIN LIBRARY, KITWE. | 01/25/2024 | TH 7703 Hop | 016785 | 01/25/2024 | 2 | 01/25/2024 | MONOGRAPH |